00253nam a2200097Ia 4500008004000000082001600040100002700056245002100083260004300104300000800147210210b1977 xxu||||| |||| 00| 0 eng d aS891.8 TRIP aTRIPATHI (Brahmanand). aPrastavartnakar. aVaranasibChaukhamba Surabharatic1977 a156